00491 a2200169 450000100060000002000150000604000220002110000200004324000360006324500310009930000080013036200090013865000350014794200070018295201150018999900170030459889 a3789139068 cAnchieta - Pituba aOlsson, Sören10aBerts herzens-katastrophenlpor10aBerts herzens-katastrophen a1590 a2003 4aLiteratura juvenil em alemão cBK 00104070a91.1b91.1d2023-11-21l0oLJ 028.543 J17b JAC BERp11373/PITr2023-11-21 18:27:58w2023-11-21yBK c59889d59889